000
00345nas a2200157 a 4500
001
41239
003
110004
005
20201118101640.0
008
||||||n9999 ||| || ||
041
_a
eng
245
0
_a
Time - Vol.150 No.16
260
_a
Estados Unidos :
_b
Time,
_c
1997.
562
_e
1
773
_0
21966
_a
Time
942
_c
SISS
999
_c
41239
_d
41239